000 00357nam a2200157Ia 4500
003 Ost
005 20260225132556.0
008 260225s9999||||xx |||||||||||||| ||und||
040 _cfsic
041 _afre
082 _a440
100 _aEverette E.Dennis
_eAuteur
245 0 _aLes Médias en question /
245 0 _cEverette E.Dennis
942 _cكتاب
999 _c34463
_d34463